WILSON AND GISVOID'S TEXT BOOK OF ORGANIC MEDICINAL AND PHARMACEUTICAL CHEMISTRY (Record no. 8141)

MARC details
000 -LEADER
fixed length control field 00537nam a22001817a 4500
005 - DATE AND TIME OF LATEST TRANSACTION
control field 20230110160701.0
008 - FIXED-LENGTH DATA ELEMENTS--GENERAL INFORMATION
fixed length control field 221220b |||||||| |||| 00| 0 eng d
020 ## - INTERNATIONAL STANDARD BOOK NUMBER
ISBN 978-818473-3969
041 ## - LANGUAGE CODE
Language code of text/sound track or separate title eng
082 ## - DEWEY DECIMAL CLASSIFICATION NUMBER
Classification number 615.19 BEA -W
100 ## - MAIN ENTRY--AUTHOR NAME
Personal name BEAIE , Jr. JHON M AND BLOCK JHON H.
245 ## - TITLE STATEMENT
Title WILSON AND GISVOID'S TEXT BOOK OF ORGANIC MEDICINAL AND PHARMACEUTICAL CHEMISTRY
250 ## - EDITION STATEMENT
Edition statement 11th ed.
260 ## - PUBLICATION, DISTRIBUTION, ETC. (IMPRINT)
Place of publication NEW DELHI
Name of publisher WOLTERS KLUWER
Year of publication 2004
300 ## - PHYSICAL DESCRIPTION
Number of Pages 1010 ;P.
650 ## - SUBJECT ADDED ENTRY--TOPICAL TERM
Topical Term PHARMACY
General subdivision B.PHARMA
942 ## - ADDED ENTRY ELEMENTS (KOHA)
Koha item type Books
Holdings
Lost status Damaged status Collection code Home library Current library Shelving location Date acquired Source of acquisition Full call number Accession Number Koha item type
    PHARMACY JRU Library JRU Library SHELF-18-A 10/11/2022 LOHIA BOOK INTERNATIONAL 615.19-BEA -W 27133 Books